000
00213 a2200097 4500
001
29334
100
_a
Price
245
_a
Introduction to computer data processing
260
_a
_b
H R W
_c
090
_c
19555
_d
19555
942
_a
NUST-CAE
_c
M
_c
10619
999
_c
264407
_d
264407